Compadre colonialism ; studies on the Philippines under American rule /

Bibliographic Details
Corporate Author: JSTOR (Organization)
Other Authors: Owen, Norman G. (Editor)
Format: eBook
Language:English
Published: [Ann Arbor] : [Center for South and Southeast Asian Studies, University of Michigan], 1971.
Series:Michigan papers on South and Southeast Asia ; no. 3.
Subjects:
Online Access:Connect to the full text of this electronic book

MARC

Tag First Indicator Second Indicator Subfields
LEADER 00000cam a2200000 4500
001 in00004359913
005 20220105170730.0
006 m o d
007 cr |||||||||||
008 711220s1971 miu ob 000 0 eng
010 |a  2020715697 
019 |a 574561828  |a 1229434492 
020 |a 9780472128273  |q electronic book 
020 |a 0472128272 
020 |a 9780472902279  |q open access 
020 |a 047290227X 
020 |a 089148003X 
020 |a 9780891480037 
024 7 |a 10.3998/mpub.11903511  |2 doi 
035 |a (OCoLC)on1184508786 
035 |a (OCoLC)1184508786  |z (OCoLC)574561828  |z (OCoLC)1229434492 
037 |a 22573/ctv19wzpj7  |b JSTOR 
040 |a DLC  |b eng  |e pn  |c DLC  |d OCLCF  |d SFB  |d P@U  |d UNOMP  |d JSTOR  |d LVT  |d N$T  |d UAB  |d OCLCO  |d OCLCE  |d UtOrBLW 
042 |a dlr 
043 |a a-ph--- 
049 |a TXAM 
050 0 0 |a DS685 
072 7 |a HIS  |x 000000  |2 bisacsh 
072 7 |a HIS  |x 048000  |2 bisacsh 
082 0 0 |a 320.9/599/03 
245 0 0 |a Compadre colonialism ;  |b studies on the Philippines under American rule /  |c Edited by Norman G. Owen. 
264 1 |a [Ann Arbor] :  |b [Center for South and Southeast Asian Studies, University of Michigan],  |c 1971. 
300 |a 1 online resource (xix, 252 pages) 
336 |a text  |b txt  |2 rdacontent 
337 |a computer  |b c  |2 rdamedia 
338 |a online resource  |b cr  |2 rdacarrier 
490 1 |a Michigan papers on South and Southeast Asia,  |v no. 3 
504 |a Bibliography: pages 227-252. 
588 |a Description based on print version record; resource not viewed. 
538 |a Master and use copy. Digital master created according to Benchmark for Faithful Digital Reproductions of Monographs and Serials, Version 1. Digital Library Federation, December 2002.  |u http://purl.oclc.org/DLF/benchrepro0212  |5 MiAaHDL 
583 1 |a digitized  |c 2010  |h HathiTrust Digital Library  |l committed to preserve  |2 pda  |5 MiAaHDL 
500 |a Electronic resource. 
651 0 |a Philippines  |x Politics and government  |y 1898-1935.  |0 http://id.loc.gov/authorities/subjects/sh85100798 
650 7 |a HISTORY / General.  |2 bisacsh 
650 7 |a Politics and government.  |2 fast  |0 (OCoLC)fst01919741 
651 7 |a Philippines.  |2 fast  |0 (OCoLC)fst01205261 
648 7 |a 1898-1935  |2 fast 
655 7 |a Electronic books.  |2 local 
700 1 |a Owen, Norman G.,  |e editor.  |0 http://id.loc.gov/authorities/names/n82013386 
710 2 |a JSTOR (Organization)  |0 http://id.loc.gov/authorities/names/no97001983 
776 0 8 |i Print version:  |t Compadre colonialism;  |d [Ann Arbor, Center for South and Southeast Asian Studies, University of Michigan] 1971.  |w (DLC) 75175623 
830 0 |a Michigan papers on South and Southeast Asia ;  |v no. 3.  |0 http://id.loc.gov/authorities/names/n42032226 
856 4 0 |u https://www.jstor.org/stable/10.3998/mpub.11903511  |z Connect to the full text of this electronic book  |t 0 
955 |a JSTOR Open Access ebooks 
994 |a 92  |b TXA 
999 f f |s 1cb95a99-4968-3da2-b19d-811430da6952  |i 24e80564-6987-3e5a-be42-c1983b454fa8  |t 0 
952 f f |a Texas A&M University  |b College Station  |c Electronic Resources  |d Available Online  |t 0  |e DS685  |h Library of Congress classification 
998 f f |a DS685  |t 0  |l Available Online